000 02024cam a2200349 a 4500
003 EG-GiCUC
005 20250223031138.0
008 150211s2014 ua dh f m 000 0 eng d
040 _aEG-GiCUC
_beng
_cEG-GiCUC
041 0 _aeng
049 _aDeposite
097 _aPh.D
099 _aCai01.24.12.Ph.D.2014.Ha.S
100 0 _aHamed Mahmoud Hamed Ibrahim
245 1 0 _aStudying of some parameters of solid - state laser /
_cHamed Mahmoud Hamed Ibrahim ; Supervised Hatem M. Elghandour , Mohamed Atta khedr , Jala Elazab
246 1 5 _aدراسه لبعض المعاملات لليزر المواد الصلبه
260 _aCairo :
_bHamed Mahmoud Hamed Ibrahim ,
_c2014
300 _a129 P. :
_bcharts , facsimiles ;
_c25cm
502 _aThesis (Ph.D.) - Cairo University - National Institute of Laser Enhanced Sciences - Department of Laser Sciences and Interactions
520 _aThis work studied the performance of passively Q- switched solid-state laser pumped by different techniques and their effect on the pulse repetition rate of laser system. The simplified rate equation model provides a simple and fast tool for laser designer to develop calculations of pulse energy, peak power and width. A modified rate equations model had been numerically investigated. In order to control and time stabilize the pulse repetition rate, the pulsed pumping was studied. To increase the stability of laser system, an automated pulsed pumping technique had been proposed. Finally, the temperature distribution in the active medium had been studied for continuous and automated pulsed pumping technique
530 _aIssued also as CD
653 4 _aPassively Q- switched
653 4 _aQ- switched
653 4 _aSolid - state laser
700 0 _aHatem Mahmoud Elghandour ,
_eSupervisor
700 0 _aJala Elazab ,
_eSupervisor
700 0 _aMohamed Atta khedr ,
_eSupervisor
856 _uhttp://172.23.153.220/th.pdf
905 _aNazla
_eRevisor
905 _aSamia
_eCataloger
942 _2ddc
_cTH
999 _c49305
_d49305